000 00911nam a22002417a 4500
005 20240530110920.0
008 220221s2007 ua a g b 000 0 ara d
020 _a9789953821702
040 _aEG-CaGPL
_cEG-CaGPL
082 0 4 _221
_a341.2 \
_bك د
100 0 _aكمال عبدالعزيز ناجى
245 1 0 _aدور المنظمات الدولية فى تنفيذ قرارات التحكيم الدولى /
_cكمال عبدالعزيز ناجى
250 _aط.1
260 _aبيروت :
_bمركز دراسات الوحدة العربية،
_c2007
300 _a480 ص؛
_c24 سم
490 0 _aسلسلة اطروجات الدكتوراه ؛
_v68
650 0 7 _aالمنظمات الدولية
_2qrmak
650 0 7 _aالمنظمات الاقليمية
_2qrmak
650 0 7 _aالتحكيم الدولى
_2qrmak
651 _2qrmak
942 _2ddc
_cBK
999 _c66462
_d66462